[Event "NOR-ch"]
[Site "Norway"]
[Date "1995.??.??"]
[Round "3"]
[White "Djurhuus, Rune"]
[Black "Tisdall, Jonathan D"]
[Result "0-1"]
[WhiteElo "2515"]
[BlackElo "2500"]
[Annotator "Tisdall,J"]
[PlyCount "130"]
[EventDate "1995.??.??"]
[EventType "swiss"]
[EventRounds "9"]
[EventCountry "NOR"]
[SourceTitle "CBM 048"]
[Source "ChessBase"]
[SourceDate "1995.10.01"]
[SourceVersion "1"]
[SourceVersionDate "1995.10.01"]
[SourceQuality "1"]

1. d4 Nf6 2. Bg5 {The Trompovsky, Rune's latest darling, which he has used
with aggressive success, even beating Simen Agdestein.} Ne4 {I preferred the
solid} (2... d5 {against Joel Benjamin in the Moskva OL, but now had had time
to prepare something a bit sharper.}) 3. Bf4 c5 4. d5 Qb6 5. Nd2 Qxb2 {I
preferred this to} (5... Nxd2 6. Bxd2 Qxb2 7. e4 {when white gets an obvious
initiative, though both are playable.}) 6. Nxe4 Qb4+ 7. c3 $5 {An interesting
move which prevents black from using the d4 or a4 squares for his Q.} Qxe4 8.
e3 e6 9. dxe6 Qxe6 {A strong move, I believe. Recapturing with the fP exposes
the kingside, and with the dP, black would lose his grip on the center.} 10.
Nf3 Be7 11. Bd3 b6 $1 {The beginning of a good plan. Black leaves the dP on d7
where it keeps his position solid. The advance ...d7-d5 would allow white to
open the position with e4 or c4 later, which would be very dangerous since it
will be long before black catches up in development.} 12. Qc2 g6 13. h4 $1 {
Although white has no concrete compensation for his P, he has achieved a very
complicated position, and this gives black more problems to solve.} Bb7 14. h5
Rg8 15. hxg6 hxg6 16. Rd1 $5 (16. O-O-O {was possible, but white's king
position would not necessarily be better on the queenside.}) 16... Nc6 17. Ng5
Bxg5 18. Bxg5 {Now white's compensation is becoming more obvious - the bishop
pair and the h-line - but black remains solid and has a secure grip on the
center, not to mention an extra pawn, to counterbalance this.} Ne5 (18... Qg4
19. Bf6 Qxg2 20. Rh4 {gives white a very dangerous attack. Black should avoid
adventures, and aim at consolidating his position.}) 19. Be4 d5 (19... Bc6 $5 {
was tempting, but as time grows shorter, one feels the need to get active.})
20. Bd3 (20. Bxd5 $5 {deserved serious attention, though to be honest, I
didn't notice it. Rune rejected it because of the variation} Bxd5 21. Qd2 f6 {
(The Bd5 cannot move due to mate on d8.)} (21... Rd8 $5 {(!!) is the move
which occurred to me when Rune mentioned the variation after the game. It is a
bizarre way of defusing the threat on d8. After} 22. Bxd8 $2 (22. e4 Rd7 $1 {
also appears to refute the sacrifice.}) 22... Bxg2 {appears to win,
threatening R, Q and K. Rune's intuition did not let him down.}) 22. Qxd5 Qxd5
23. Rxd5 Kf7 24. Bf4 Ke6 {when black's position is preferable. The N will be a
monster on c4, his K is more active and the h-line can be regained. But}) (20.
Qa4+ $2 Bc6 (20... Nd7 $1 {wins.}) 21. Qxc6+ $5 {did occur to me but}) 20...
Bc6 21. Be2 f6 22. Bf4 O-O-O 23. a4 {Both players were already running short
of time, so the rest of the game is a bit chaotic. The text is a logical way
to increase the confusion factor.} Rh8 24. Rg1 {Black now has something close
to complete control. Development is completed, the K relatively safe and the
h-line in hand. The only problem is making progress. Any violent action - for
example the natural continuation} Rh4 $5 (24... g5 $5 25. Bg3 f5 {preparing an
assault on the white king, raises the real possibility of the Bg3 becoming
devastatingly strong, since the Ne5 is less stable. I decided to take control
of the queenside and leave the center intact, though this also has drawbacks,
as seen later.}) 25. a5 b5 26. a6 g5 27. Bg3 Ra4 28. Rh1 Rxa6 29. Rh7 Ra4 (
29... Rd7 30. Rh8+ Kb7 31. f4 $1 {is unpleasant for black, f.eks.} gxf4 32.
exf4 Nc4 33. f5 {and disaster arrives on b8. That is why I decided to built a
haven on a6 for my K.}) 30. Bd3 $1 {Since black does not want both B entering
his position, he must agree to opposite colored B, guaranteeing white
attacking chances, especially since a real time-scramble was inevitable.} Nxd3+
31. Qxd3 Rd7 32. Rxd7 {Another unpleasant surprise. I had not taken exchanges
to be dangerous, but now it is easier for white to create threats around my
king.} Bxd7 $5 {Black offers the d-pawn to ensure king safety, and also plans
to transfer the Q to b6 later. Rune continues to find more frightening moves.}
33. Qh7 $5 Ra2 $1 {Good - this creates a path for the black K into white's
position if he needs to go for a long walk, and also creates a counterattack.}
34. Qh8+ Kb7 (34... Qe8 $5 {was suggested by Rune afterwards. the point is that
} 35. Qxf6 $2 {fails to} (35. Qh7 Qe4) (35. Qh6 $5 {the position remains messy,
f. eks.} Bg4 $2 36. Qxf6 $1 Bxd1 37. Qd6 {with enough attack to draw since} Kb7
{is met by} 38. Qxd5+) 35... Qh5 {but after}) 35. Qb8+ Ka6 36. Kf1 {If white's
K reaches g1 he can attack without distraction.} Qb6 37. Rxd5 $6 {With flags
hanging, Rune decides to cash in, but does not solve all of his problems. I
feared} (37. Qf8 {though the fearless} b4 $5 {may favor black. At this stage,
two hands were playing, and not so many brains.}) 37... Qxb8 38. Bxb8 Bc6 39.
Rxc5 Ra1+ 40. Ke2 Bxg2 41. Rf5 Bf1+ $1 {The sealed move, which Rune
underestimated. I thought at first black had a winning advantage, but analysis
convinced me that this was optimistic.} 42. Kd2 Kb7 43. Bd6 a5 44. Kc2 $1 (44.
Rxf6 Bc4 45. Kc2 a4 46. Kb2 Ra2+ 47. Kb1 a3 {and the aP will prove too
dangerous. This is the type of position that led me to be optimistic, but Rune
defends better.}) 44... Ra2+ $1 {The beginning of a crafty plan. The
straightforward} (44... Bc4 45. Kb2 $1 Ra2+ 46. Kb1 a4 {no longer works due
the pressure against b5. Here the simplest for white is} 47. Be7 {since} (47.
Rxb5+ Kc6 $1 48. Rc5+ Kxd6 49. Rxc4 Rxf2 50. Rxa4 f5 51. Kc1 Re2 $1 {should
win for black.})) 45. Kb1 Rd2 46. Rxf6 Bd3+ $1 {Giving white an unpleasant
choice. If white goes to the c-file the c3P falls, though this may be the best
chance. On the a-file, there are tactical problems on the last rank, and with .
..a3 becoming possible due to ...Ra2+.} 47. Ka1 g4 $1 {Creating the additional
worry of ...Be4-f3, attacking f2. White also has to worry about ..Rc2, aand
the advance of the aP.} 48. Be5 Bc4 49. Rf4 a4 50. Rxg4 a3 51. Rg1 Kb6 $1 {
A fine move that guarantees the decisive invasion. The reflex} (51... Rxf2 52.
Bd6 Kb6 53. Bb4 {keeps out the black K and may draw.}) 52. e4 {White jettisons
his P to bring the B back to defend. The race} (52. f4 Ka5 53. f5 Ka4 54. f6
Kb3 55. Rb1+ Rb2 56. f7 Bd3 $1 {ends in mate.} (56... Bxf7 57. c4)) 52... Ka5
53. Bf4 Rxf2 54. Bc1 Ka4 55. e5 Kb3 {Threatening ...Ra2+ and ...Bd3 matt.} 56.
Rd1 Be6 57. Bd2 Kc2 58. Be3 Re2 59. Rc1+ Kb3 60. Rb1+ Kxc3 {The double threat
to e3 and a2 wins.} 61. Rxb5 Rxe3 62. Rb1 Re2 $1 {There are certain technical
difficulties without white's eP due to stalemate possibilities, and I had no
desire to complicate my life. With the eP, white is quickly mated.} 63. Rg1 Rd2
$1 64. Re1 Bc4 65. e6 Kb3 {and white resigned in view of the familiar attack} (
65... Kb3 66. e7 (66. Rb1+ Rb2 67. e7 Kc2 {or ...Bd3}) 66... Bd3 67. Rb1+ Rb2)
0-1

[Event "Asia-ch"]
[Site "Kolkata"]
[Date "2001.08.16"]
[Round "10"]
[White "Torre, Eugenio"]
[Black "Thipsay, Praveen Mahadeo"]
[Result "1-0"]
[WhiteElo "2541"]
[BlackElo "2453"]
[Annotator "Tsesarsky,I"]
[PlyCount "105"]
[EventDate "2001.08.09"]
[EventType "swiss"]
[EventRounds "11"]
[EventCountry "IND"]
[SourceTitle "CBM 085"]
[Source "ChessBase"]
[SourceDate "2001.11.13"]
[SourceVersion "1"]
[SourceVersionDate "2001.11.13"]
[SourceQuality "1"]

1. d4 Nf6 2. Bg5 g6 3. Bxf6 {White changes his B for N in order to create
doubled PP in the Black camp. This factor is not important, in general, Black
has good position. This opening variation's idea, therefore, is to avoid
well-known theoretical positions.} exf6 4. e3 f5 5. Ne2 ({Another variations
also aren't dangerous for Black:} 5. Nf3 {On e2 N placed more flexible.} d6 6.
g3 Nd7 7. c4 Bg7 8. Nc3 Nf6 9. Bg2 O-O 10. O-O $11 {1-0 Tseitlin,M-Schmidt,W/
Polanica Zdroj 1978/MCD (28)}) (5. g3 d5 6. Bg2 c6 7. Ne2 Nd7 8. Nd2 Nf6 9. c4
dxc4 10. O-O Be6 11. Qc2 Bd5 12. Nxc4 Bxg2 13. Kxg2 Bg7 14. Qb3 O-O $11 {
1/2-1/2 Koutsin,S-Babula,V/CZE-chT 1994/TD (26)}) (5. h4 d6 6. h5 Bg7 7. g3 Nd7
8. Ne2 Nf6 9. Nf4 Bd7 10. c3 Bc6 11. Rh2 $11 {0-1 Alburt,L-Ivanov,A/
Philadelphia 1993/EXT 99 (44)}) 5... d6 (5... Bg7 6. g3 (6. h4 h5 7. g3 O-O 8.
Bg2 d6 9. O-O Nd7 10. c4 Nf6 11. Nd2 c6 12. b4 $132 {1-0 Kosanovic,G-Bokan,D/
Ulcinj 1998/EXT 99 (40)}) 6... O-O 7. Bg2 d6 8. c4 (8. O-O Nd7 9. c4 Nf6 10.
Nbc3 c6 11. b4 $132 {1/2-1/2 Milanovic,D-Gligoric,S/Pozarevac 1995/CBM 49 ext 
(48)}) 8... c5 9. Nbc3 cxd4 10. exd4 Nc6 11. Qd2 Re8 ({Interesting is P
sacrifice:} 11... f4 $5 12. gxf4 Qh4 13. d5 Ne7 14. O-O Bh3 $1 (14... Nf5 $6
15. Ng3 Nh6 16. Nce4 $14 {1-0 Sokolov,I-Har Zvi,R/Wijk aan Zee 1993/CBM 34 (22)
}) 15. Bxh3 Qxh3 16. Qe3 Qd7 $44 {0-1 Ruzele,D-Ivanov,M/Regensburg 1997/EXT
2001 (45)}) 12. O-O Bd7 13. Rab1 Rc8 $132 {1/2-1/2 Sokolov,I-Spasov,V/Elenite
1992/CBM 32 (69)}) 6. g3 (6. Nf4 Nd7 7. c3 Nf6 8. Qb3 c6 9. Bd3 Bh6 $11 {
1/2-1/2 Obsivac,J-Belov,I/Stare Mesto 1992/EXT 97 (32)}) (6. c4 Bg7 7. Nbc3 O-O
8. Nf4 Nd7 9. Be2 Nf6 10. Qc2 c6 11. O-O Re8 12. b4 $11 {0-1 Casagrande,
H-Staudner,O/Graz AUT 2001/The Week in Chess 337 (35)}) 6... Nd7 7. Bg2 Nf6 8.
O-O (8. c4 Bg7 9. Nbc3 O-O 10. O-O {This position is typical for this opening
variation. White tries to show activity on the queenside by PP promotion.
Black has various ways of counterplay, for example:} Re8 (10... Rb8 11. b4 Be6
12. Qd3 c5 13. Rab1 (13. bxc5 dxc5 $132) 13... b6 14. Nf4 Qe7 15. Ncd5 Nxd5 16.
Nxd5 Bxd5 {1/2-1/2 Danielian,O-Rashkovsky,N/Moscow 1995/CBM 50 ext (16)}) (
10... c6 11. b4 Rb8 12. a4 Qe7 $11 (12... a6 13. Qd3 d5 14. cxd5 Nxd5 15. Nxd5
cxd5 16. Nf4 Be6 17. Qb3 $16 {[%csl Rd5] 1-0 Kasparov,G-Mutkin,H/London 1998/
EXT 2000 (23)})) 11. Qc2 (11. b4 Ne4 12. Qd3 Qe7 13. Rab1 Bd7 14. a4 c6 $11 {
1-0 Chepukaitis,G-Veliev,G/St Petersburg 2000/CBM 76 (73)}) 11... h5 12. b4 h4
13. Rfe1 hxg3 14. hxg3 Ng4 15. Nf4 c6 16. Qd3 $11 {1/2-1/2 Gallagher,J-Jenni,F/
Biel 1997/CBM 60 (57)}) 8... Bh6 $6 {This move's idea is to capture whie N on
f4 - if it will appear there...- and to create in the white camp doubled PP
too.} ({Regular continuation is} 8... Bg7 $132) 9. c4 O-O 10. Nbc3 Rb8 11. b4
Be6 $5 (11... Re8 $144 $132) (11... c6 $144 12. d5 c5 $1 13. bxc5 dxc5 $132 {
With blockade on the dark squares.}) 12. Qd3 c6 (12... d5 $6 13. cxd5 Nxd5 $14)
13. d5 $5 cxd5 14. Bxd5 (14. cxd5 Bd7 $11) (14. Nxd5 Nxd5 15. Bxd5 Bxd5 16.
Qxd5 Re8 $132) 14... Nxd5 15. Nxd5 Bxd5 16. Qxd5 Qb6 (16... Re8) 17. Rab1 Rfc8
18. Qd3 Qc6 19. Rfc1 a6 20. b5 Qe4 ({Badly is} 20... axb5 $2 21. Rxb5 Ra8 22.
Rc2 Ra4 23. Nd4 Qe4 (23... Qc7 24. Qb3 Rxc4 25. Rxc4 Qxc4 26. Rxb7 Bg7 27. Qxc4
Rxc4 28. Rb8+ Bf8 29. Ra8 $16) 24. Qb3 Rca8 25. Rxb7 Ra3 26. Rb8+ Bf8 27. Rxa8
Rxa8 $16) 21. Qxe4 (21. Qxd6 Bxe3 22. Nc3 (22. fxe3 Qxe3+ 23. Kf1 Qf3+ 24. Ke1
Re8 {[%csl Re2]} 25. Rb2 $8 Qh1+ 26. Kf2 Qxh2+ 27. Kf1 Qh3+ (27... Rbd8 $44))
22... Qd4 23. Qxd4 Bxd4 24. Nd5 Kf8 $132) 21... fxe4 22. Nc3 $1 {[%csl Re4]} f5
(22... Rxc4 $2 23. bxa6 $16) 23. Nd5 {[%cal Gd5e7]} Kf7 24. Rb3 (24. Nb6 Rc7)
24... axb5 25. Rxb5 Ke6 (25... Rc5 $11) 26. a4 Bg5 27. Rb4 Bd8 28. h4 Ba5 29.
Rb5 b6 30. Nf4+ Kf6 31. h5 Rc6 32. Kg2 Rbc8 {[%csl Rc4][%cal Gc8c4]} 33. Rd5 {
[%csl Rd6][%cal Gd5d6]} Bb4 (33... g5 34. Ne2 Ke7 (34... Rxc4 35. Rxd6+ Ke5 36.
Rcd1 {[%csl Re5][%cal Gd1d5]} R4c5 37. g4 fxg4 (37... f4 38. exf4+ gxf4 39. f3
e3 40. R1d4 Rf8 (40... R8c6 41. Rxc6 Rxc6 42. Rxf4 Bd2 43. Rf7 $18) 41. Nc1 $1
$18 {[%csl Re5]}) 38. Ng3 R8c7 39. R6d4 Rc4 40. Nxe4 Rxd4 41. Rxd4 h6 42. Kg3
$16) 35. Rxf5 h6 36. Rd5 Rxc4 37. Rxc4 Rxc4 38. Rd4 d5 39. Rxd5 Rxa4 40. Nd4
$14) 34. hxg6 hxg6 35. Rb5 Ba5 $8 (35... Bc5 $2 36. Nd5+ Ke6 37. Rh1 $18) 36.
Rd1 Rd8 ({Black equalizes easily after} 36... Kf7 37. Nd5 Ke6 (37... Rxc4 38.
Nxb6 Bxb6 39. Rxb6 R8c6 (39... Rxa4 $2 40. Rdxd6 $16) 40. a5 Ke6 41. Rdb1 Kd5
$11) 38. Nf4+ Kf7 $11) 37. Rd4 Kf7 38. g4 Bc3 39. Rd1 fxg4 ({Quite strong was} 
39... Be5 40. Nd5 Rxc4 41. Nxb6 Rc6 42. a5 Rb8 43. Rdb1 Rc2 44. Nd7 (44. a6 Ra2
45. Nd5 Rxb5 46. Rxb5 Rxa6 47. Rb7+ $44) 44... Rxb5 45. Rxb5 Ke6 (45... Bc3 46.
a6 Be1 47. Kf1 $18) 46. Nxe5 dxe5 47. a6 Ra2 48. Rb6+ Kf7 49. Kg3 fxg4 $44) 40.
Nd5 Ba5 $4 $18 {[%csl Re4,Rg4] Serious mistake! On a5 B allocated too far from
the center, so White will capture weaknesses g4 and e4.} ({Right was} 40... Be5
$1 41. Nxb6 Rh8 42. a5 Rh2+ 43. Kg1 g3 44. fxg3 Ra2 {[%csl Rg1,Rg3][%cal Ga2h2,
Ga2a5]} 45. Nd5 Rxc4 46. Rb7+ Kg8 (46... Ke6 47. g4 $18 {[%csl Re6][%cal Gb7e7]
}) 47. Ne7+ Kg7 48. Nf5+ Kf6 49. Nxd6 Bxd6 50. Rxd6+ Ke5 $44 {[%csl Ra5,Rg1]
[%cal Gc4c1,Ga2h2]}) 41. Rd4 Re8 42. Rb1 $22 ({Or} 42. Kg3 Rec8 43. Rxe4 Rxc4
44. Re7+ Kf8 45. Ra7 $18 {[%csl Gd5,Rf8,Rg4][%cal Ga7a4]}) 42... g5 (42... Rc5
43. Kg3 $18) (42... Re5 43. Kg3 $18) 43. Rh1 Kg6 44. Kg3 Rcc8 {Position of
Black is such passive, since he can only wait for ... slow death.} 45. Kxg4 Re5
46. Rh2 (46. Nxb6 $1 $18) 46... Rd8 (46... Rc6 47. Rh8 Be1 48. Rd8 Bxf2 49. Rd7
$22 $18) 47. Rd1 Rg8 48. Rdh1 (48. Nxb6 $1 $18) 48... Kf7 49. Rh7+ Rg7 50. Rh8
Re8 51. Rxe8 Kxe8 52. Kf5 (52. Nf6+ Ke7 53. Nxe4 $18) 52... Rf7+ 53. Ke6 (53.
Ke6 Kf8 54. Rh5 Rxf2 55. Rxg5 Rh2 (55... Rc2 56. Nf6 $18 {[%csl Rf8]}) 56. Kxd6
$18) 1-0

[Event "Salou-A"]
[Site "Salou"]
[Date "2000.??.??"]
[Round "7"]
[White "Miladinovic, Igor"]
[Black "Ivanov, Jordan"]
[Result "1-0"]
[WhiteElo "2563"]
[BlackElo "2461"]
[Annotator "Tsesarsky,I"]
[PlyCount "47"]
[EventDate "2000.10.16"]
[EventType "tourn"]
[EventRounds "9"]
[EventCountry "ESP"]
[EventCategory "10"]
[SourceTitle "CBM 080"]
[Source "ChessBase"]
[SourceDate "2001.01.25"]
[SourceVersion "1"]
[SourceVersionDate "2001.01.25"]
[SourceQuality "1"]

1. d4 Nf6 2. Bg5 Ne4 3. Bf4 c5 4. f3 Qa5+ 5. c3 Nf6 6. Nd2 cxd4 7. Nb3 Qb6 8.
Qxd4 Nc6 9. Qxb6 axb6 10. Be3 ({Another mainline is} 10. Nd4 {for example, see
commented game 1-0 Hodgson,J-Sutovsky,E/York 1999/CBM 75 (50) [Alterman,B]})
10... b5 11. Bd2 ({Another possibility is} 11. Nd4 Nxd4 (11... b4 12. Nb5 {
-see comments to the game 1/2-1/2 Milov,V-Smirin,I/Struga zt 1995/Inf 64/
[Milov,] (16)}) 12. Bxd4 e6 (12... d6 13. e4 Bd7 14. Bxf6 (14. Bd3 e5 15. Bf2
Be7 16. Ne2 O-O 17. O-O d5 {0-1 Lukasiewicz,G-Giffard,N/Cannes 1997/EXP 57/ 
(54)}) (14. a3 Bc6 15. Bxf6 gxf6 16. Ne2 Rg8 17. Nd4 Kd8 18. Kf2 Rg5 $132 {
1/2-1/2 Bree,T-Nyysti,S/Budapest HUN 2000/The Week in Chess 310 (66)}) 14...
gxf6 15. Ne2 e6 16. a3 d5 17. exd5 b4 18. dxe6 fxe6 19. cxb4 Bxb4+ $44 {
1/2-1/2 Miladinovic,I-Matamoros Franco,C/Dos Hermanas ESP 2000/The Week in
Chess 284/ (41)}) (12... b4 $6 13. cxb4 Nd5 14. b5 e5 15. Bxe5 Bb4+ 16. Kf2
Bc5+ 17. Kg3 f6 18. e4 h5 19. h4 $16 {1-0 Tkeshelashvili,S-Zozulia,A/Patras
GRE 1999/ (36)}) 13. e4 b4 14. Bc4 (14. Bb5 $132) 14... bxc3 15. Bxc3 Bc5 $132
{1-0 Roiz,M-Yeke,S/Tel Aviv ISR 1998/ (76)}) 11... e5 (11... b4 $2 12. cxb4 e5
(12... Nd5 $6 13. a3 f5 14. e3 $16 {1-0 Danielian,E-Ramon,V/Elista RUS 1998/ 
(35)}) 13. a3 d5 14. e3 $14) (11... e6 12. a3 d5 13. e3 Na7 {[%cal Gc8d7]} 14.
Nh3 $132 {0-1 Neuillet,A-Relange,E/1998-9 French Team Ch FRA 1999 (40)} (14.
Nd4 Bd7 $132 {Weakness b5 is well defended.})) 12. e4 {This novelty also
doesn't promise to White any advantage.} (12. a3 d6 13. e4 (13. e3 Be6 14. Nc1
Bc4 $132 {1/2-1/2 Danielian,E-Vasilevich,T/World Junior (Girls), Zagan POL
1997/ (21)}) 13... Be6 14. Nc1 Bc4 15. Nge2 Na5 (15... d5 $132 {0-1 Schirbel,
A-Seger,R/Gelsenkirchen GER 2000/The Week in Chess 318 (32)}) 16. Ng3 Bxf1 17.
Rxf1 Nc4 18. Nd3 d5 $132 {0-1 Alvarez,J-Garcia,O/Cuban National Champ 1995/ 
(52)}) 12... b4 {Black immediately get rid of weakness - doubled PP b.} (12...
d5 $2 13. exd5 Nxd5 14. Bxb5 $16) 13. Bb5 ({Or} 13. c4 b6 $1 14. Be3 Na5 15.
Nxa5 (15. Nd2 Bc5 $11) 15... bxa5 16. Rd1 Ba6 $132) 13... bxc3 ({Interesting is
} 13... d5 $5 14. exd5 Nxd5 15. c4 Nc7 $11) 14. Bxc3 Bb4 ({Quite good also} 
14... Bd6 15. a3 Bc7 16. Rd1 d6 $11) 15. Ne2 Ke7 (15... O-O $11) 16. Rc1 Rxa2
$4 {Mistake based on wrong variation calculation.} ({After} 16... d5 $11 {
position is equal.}) 17. Bxc6 Bxc3+ 18. Nxc3 {[%cal Gc3a2] Black hasn't time
to take on c6} Rxb2 19. Bd5 Rxg2 (19... Nxd5 20. Nxd5+ {Black again can't to
take on b3!}) 20. Bc4 b5 $6 $18 (20... h5 $142 21. Nd2 d6 22. Bf1 (22. Nd5+
Nxd5 23. Bxd5 Bd7 24. Bxb7 Rb8 25. Rb1 h4 26. Bd5 Rxb1+ 27. Nxb1 Bb5 28. Nd2 g5
$14) 22... Rg6 23. Kf2 (23. h4 Be6 24. Bc4) 23... Be6 24. Bc4 Rc8 25. Bxe6 fxe6
26. Nb5 $16) 21. Bxb5 Bb7 22. Nc5 Ba8 (22... Rb8 23. Bf1 Rg6 (23... Rb2 24. Nd3
$18 {[%csl Rb2,Re5]}) 24. Rb1 Rc8 25. Rxb7 Rxc5 26. Kd2 Kd6 27. Bh3 $18) 23.
Bf1 Rb2 (23... Rg6 24. Nd3 d6 25. Ra1 $18) 24. Nd3 1-0